| 000 | 01019nam a22002537a 4500 | ||
|---|---|---|---|
| 001 | 7031 | ||
| 003 | FISKH | ||
| 005 | 20251021145558.0 | ||
| 008 | 250619b cb ||||| |||| 00| 0 eng d | ||
| 040 |
_aFISKH _beng _cFISKH _dFISKH |
||
| 050 | _aPZ7 | ||
| 082 | _a813.6 | ||
| 100 | _aAnonymous | ||
| 245 |
_aRed lion roar : _bPower rangers wild force / |
||
| 260 |
_aTennessee : _bBVS Entertainment, _c2002. |
||
| 300 |
_a24 unnumbered pages : _bcolor illustrations ; _c21 cm |
||
| 505 | _aN | ||
| 520 | _aThe story follows the Wild Force Rangers—equipped with animal-themed powers—as they seek a fifth Ranger, the Red Lion Ranger, to strengthen their team and defeat the Orgs threatening their city. The book focuses on action-packed scenes culminating with the arrival of the Red Lion Ranger and the mighty roar of the Red Lion Zord | ||
| 521 | 8 |
_a530
_bLexile estimate |
|
| 521 | 8 |
_aJ
_bRaz-Plus |
|
| 650 |
_aPower Rangers _vWild Force _xSuperheroes |
||
| 942 |
_2ddc _cBK _n0 |
||
| 999 |
_c7031 _d7031 |
||